00822nam a22001457a 4500003000900000008004100009040007100050082002400121100001800145245008300163260005100246300002200297505033000319650002700649AR-CdUCM190318b ||||| |||| 00| 0 spa d aMUNICIPALIDAD PROVINCIAL DEL CUSCOcBIBLIOTECA MUNICIPAL DEL CUSCO 25ed.a372.11 /bS99 aSzekely, Bela aLos test :bManual de pruebas psicométricas de inteligencia y de aptitudes / aBuenos Aires :bEdit. Kapelusz & Cía,c1966. a3 tomos ;c21 cm. aContenido :T.3 Los tests y su estructura, tests antropométricos -- T.2 Los tests y su estructura, tests antropométricos, sensoriales y perceptivos --T1.-El tests y su estructura, Test antropometricos, sensoriales y perceptivos, Tests psicopedagogicos, La psocologia y psicometria de la inteligencia y de las aptitudes ... aPruebas psicológicas